<?xml version="1.0" encoding="UTF-8"?>
<record
    xmlns:xsi="http://www.w3.org/2001/XMLSchema-instance"
    xsi:schemaLocation="http://www.loc.gov/MARC21/slim http://www.loc.gov/standards/marcxml/schema/MARC21slim.xsd"
    xmlns="http://www.loc.gov/MARC21/slim">

  <leader>00205nam a2200085Ia 4500</leader>
  <controlfield tag="008">170617s9999    xx            000 0 und d</controlfield>
  <datafield tag="100" ind1=" " ind2=" ">
    <subfield code="a">GHOSH- L.K.</subfield>
  </datafield>
  <datafield tag="245" ind1=" " ind2="0">
    <subfield code="a">H.B . OF PHARMACEUTICAL TECH.</subfield>
  </datafield>
  <datafield tag="260" ind1=" " ind2=" ">
    <subfield code="b">NEW DELHI- CBS</subfield>
  </datafield>
  <datafield tag="260" ind1=" " ind2=" ">
    <subfield code="c">2010</subfield>
  </datafield>
  <datafield tag="999" ind1=" " ind2=" ">
    <subfield code="c">15500</subfield>
    <subfield code="d">15500</subfield>
  </datafield>
  <datafield tag="952" ind1=" " ind2=" ">
    <subfield code="0">0</subfield>
    <subfield code="1">0</subfield>
    <subfield code="2">ddc</subfield>
    <subfield code="4">0</subfield>
    <subfield code="7">0</subfield>
    <subfield code="a">02</subfield>
    <subfield code="b">02</subfield>
    <subfield code="d">2017-06-22</subfield>
    <subfield code="g">950.00</subfield>
    <subfield code="l">0</subfield>
    <subfield code="p">02-B-6743</subfield>
    <subfield code="r">2017-06-22</subfield>
    <subfield code="w">2017-06-22</subfield>
    <subfield code="y">01</subfield>
  </datafield>
  <datafield tag="952" ind1=" " ind2=" ">
    <subfield code="0">0</subfield>
    <subfield code="1">0</subfield>
    <subfield code="2">ddc</subfield>
    <subfield code="4">0</subfield>
    <subfield code="7">0</subfield>
    <subfield code="a">02</subfield>
    <subfield code="b">02</subfield>
    <subfield code="d">2017-06-22</subfield>
    <subfield code="g">950.00</subfield>
    <subfield code="l">0</subfield>
    <subfield code="p">02-B-6744</subfield>
    <subfield code="r">2017-06-22</subfield>
    <subfield code="w">2017-06-22</subfield>
    <subfield code="y">01</subfield>
  </datafield>
  <datafield tag="952" ind1=" " ind2=" ">
    <subfield code="0">0</subfield>
    <subfield code="1">0</subfield>
    <subfield code="2">ddc</subfield>
    <subfield code="4">0</subfield>
    <subfield code="7">0</subfield>
    <subfield code="a">02</subfield>
    <subfield code="b">02</subfield>
    <subfield code="d">2017-06-22</subfield>
    <subfield code="g">950.00</subfield>
    <subfield code="l">0</subfield>
    <subfield code="p">02-B-6745</subfield>
    <subfield code="r">2017-06-22</subfield>
    <subfield code="w">2017-06-22</subfield>
    <subfield code="y">01</subfield>
  </datafield>
  <datafield tag="952" ind1=" " ind2=" ">
    <subfield code="0">0</subfield>
    <subfield code="1">0</subfield>
    <subfield code="2">ddc</subfield>
    <subfield code="4">0</subfield>
    <subfield code="7">0</subfield>
    <subfield code="a">02</subfield>
    <subfield code="b">02</subfield>
    <subfield code="d">2017-06-22</subfield>
    <subfield code="g">950.00</subfield>
    <subfield code="l">0</subfield>
    <subfield code="p">02-B-6746</subfield>
    <subfield code="r">2017-06-22</subfield>
    <subfield code="w">2017-06-22</subfield>
    <subfield code="y">01</subfield>
  </datafield>
  <datafield tag="952" ind1=" " ind2=" ">
    <subfield code="0">0</subfield>
    <subfield code="1">0</subfield>
    <subfield code="2">ddc</subfield>
    <subfield code="4">0</subfield>
    <subfield code="7">0</subfield>
    <subfield code="a">02</subfield>
    <subfield code="b">02</subfield>
    <subfield code="d">2017-06-22</subfield>
    <subfield code="g">950.00</subfield>
    <subfield code="l">0</subfield>
    <subfield code="p">02-B-6747</subfield>
    <subfield code="r">2017-06-22</subfield>
    <subfield code="w">2017-06-22</subfield>
    <subfield code="y">01</subfield>
  </datafield>
  <datafield tag="952" ind1=" " ind2=" ">
    <subfield code="0">0</subfield>
    <subfield code="1">0</subfield>
    <subfield code="2">ddc</subfield>
    <subfield code="4">0</subfield>
    <subfield code="7">0</subfield>
    <subfield code="a">02</subfield>
    <subfield code="b">02</subfield>
    <subfield code="d">2017-06-22</subfield>
    <subfield code="g">950.00</subfield>
    <subfield code="l">0</subfield>
    <subfield code="p">02-B-6748</subfield>
    <subfield code="r">2017-06-22</subfield>
    <subfield code="w">2017-06-22</subfield>
    <subfield code="y">01</subfield>
  </datafield>
  <datafield tag="952" ind1=" " ind2=" ">
    <subfield code="0">0</subfield>
    <subfield code="1">0</subfield>
    <subfield code="2">ddc</subfield>
    <subfield code="4">0</subfield>
    <subfield code="7">0</subfield>
    <subfield code="a">02</subfield>
    <subfield code="b">02</subfield>
    <subfield code="d">2017-06-22</subfield>
    <subfield code="g">950.00</subfield>
    <subfield code="l">0</subfield>
    <subfield code="p">02-B-6749</subfield>
    <subfield code="r">2017-06-22</subfield>
    <subfield code="w">2017-06-22</subfield>
    <subfield code="y">01</subfield>
  </datafield>
  <datafield tag="952" ind1=" " ind2=" ">
    <subfield code="0">0</subfield>
    <subfield code="1">0</subfield>
    <subfield code="2">ddc</subfield>
    <subfield code="4">0</subfield>
    <subfield code="7">0</subfield>
    <subfield code="a">02</subfield>
    <subfield code="b">02</subfield>
    <subfield code="d">2017-06-22</subfield>
    <subfield code="g">950.00</subfield>
    <subfield code="l">0</subfield>
    <subfield code="p">02-B-6750</subfield>
    <subfield code="r">2017-06-22</subfield>
    <subfield code="w">2017-06-22</subfield>
    <subfield code="y">01</subfield>
  </datafield>
  <datafield tag="952" ind1=" " ind2=" ">
    <subfield code="0">0</subfield>
    <subfield code="1">0</subfield>
    <subfield code="2">ddc</subfield>
    <subfield code="4">0</subfield>
    <subfield code="7">0</subfield>
    <subfield code="a">02</subfield>
    <subfield code="b">02</subfield>
    <subfield code="d">2017-06-22</subfield>
    <subfield code="g">950.00</subfield>
    <subfield code="l">0</subfield>
    <subfield code="p">02-B-6751</subfield>
    <subfield code="r">2017-06-22</subfield>
    <subfield code="w">2017-06-22</subfield>
    <subfield code="y">01</subfield>
  </datafield>
  <datafield tag="952" ind1=" " ind2=" ">
    <subfield code="0">0</subfield>
    <subfield code="1">0</subfield>
    <subfield code="2">ddc</subfield>
    <subfield code="4">0</subfield>
    <subfield code="7">0</subfield>
    <subfield code="a">02</subfield>
    <subfield code="b">02</subfield>
    <subfield code="d">2017-06-22</subfield>
    <subfield code="g">950.00</subfield>
    <subfield code="l">0</subfield>
    <subfield code="p">02-B-6752</subfield>
    <subfield code="r">2017-06-22</subfield>
    <subfield code="w">2017-06-22</subfield>
    <subfield code="y">01</subfield>
  </datafield>
</record>
